000 00399nmm a2200145Ia 4500
008 251105s9999||||xx |||||||||||||||||und||
041 _aspa
100 _aCornejo Huertas, Mercedes
245 0 _aRecuérdame que te quiero
264 _a[Madrid, España] :
_bLantia,
_c2016
300 _a0 páginas
650 _aRomance
856 _uhttps://public.digitaliapublishing.com/a/87436
942 _cCF
999 _c105984
_d105984